Solving people-problems /

Bibliographic Details
Main Author: Honey, Peter
Format: Book
Language:English
Published: London ; New York : McGraw-Hill, [1980]
Subjects:

MARC

Tag First Indicator Second Indicator Subfields
LEADER 00000pam a2200000 a 4500
001 in00000080720
005 20151008054046.0
008 800918s1980 enka 00110 engm
010 |a  80041032  
015 |a GB80 
020 |a 0070845441 :  |c 6.50 
035 |a (OCoLC)06790542 
035 |9 AAH9499AM 
040 |a DLC  |c DLC  |d m.c.  |d TXA  |d UtOrBLW 
049 |a TXAM  |c [985490] 
050 0 0 |a HF5549  |b .H527 
082 0 |a 658.3  |2 19 
100 1 |a Honey, Peter. 
245 1 0 |a Solving people-problems /  |c Peter Honey. 
264 1 |a London ;  |a New York :  |b McGraw-Hill,  |c [1980] 
264 4 |c ©1980 
300 |a x, 137 pages :  |b illustrations ;  |c 24 cm. 
336 |a text  |b txt  |2 rdacontent 
337 |a unmediated  |b n  |2 rdamedia 
338 |a volume  |b nc  |2 rdacarrier 
500 |a Includes index. 
650 0 |a Personnel management. 
999 |a MARS 
999 f f |s f37ca219-6b08-3d72-806c-c721067b9dc8  |i 8c49d5b4-ee3a-3255-891e-87bdbb8b795d  |t 0 
952 f f |p ric  |a Texas A&M University  |b Rellis Campus  |c Joint Library Facility  |d Remote Storage  |t 0  |e HF5549 .H527  |h Library of Congress classification  |i unmediated -- volume  |m A14806135397 
998 f f |a HF5549 .H527  |t 0  |l Remote Storage